| 000 | 00872nam a22002297a 4500 | ||
|---|---|---|---|
| 999 |
_c3700 _d3700 |
||
| 003 | AR-CdUCM | ||
| 008 | 190307b ||||| |||| 00| 0 spa d | ||
| 020 | _a847232361 | ||
| 040 |
_aMUNICIPALIDAD PROVINCIAL DEL CUSCO _cBIBLIOTECA MUNICIPAL DEL CUSCO |
||
| 082 |
_a338.1 / _bV64 |
||
| 100 |
_aVigorito, Raúl _911998 |
||
| 245 | _aTransnacionalización y desarrollo agropecuario en América Latina / | ||
| 260 |
_aMadrid : _bCultura Hispana, _c1984. |
||
| 300 |
_a221 páginas ; _c24 cm. |
||
| 505 | _aLa agroindustria de exportación -- La agroindustria transnacional -- Agricultura y desarrollo de las economías avanzadas en América latina... | ||
| 650 |
_aAgroindustrial. _911999 |
||
| 650 |
_aTransnacionales. _912000 |
||
| 650 |
_adesarrollo económico. _91696 |
||
| 650 |
_aDesarrollo agropecuario. _912001 |
||
| 942 |
_2ddc _cLIBROS |
||
| 945 |
_awfj _d2019-03-07 |
||